|
|
|
|
| LEADER |
00000nab a2200000uu 4500 |
| 001 |
vtls010891924 |
| 003 |
SK-MaSNL |
| 005 |
20260303195749.0 |
| 008 |
230222|1967 xo |||||||||||||||||rus| |
| 015 |
|
|
|a SNBRB
|
| 035 |
|
|
|a (urnnbn)urn:nbn:sk:snk:ar-0065td
|
| 035 |
|
|
|a (uuid)c1736116-f532-4968-b4df-bcd0006e5c5b
|
| 035 |
|
|
|a urn:nbn:sk:snk-ab8llh
|
| 040 |
|
|
|a SNKBUCL
|b slo
|c SNKBUCL
|e AACR2
|
| 041 |
0 |
|
|a rus
|
| 044 |
|
|
|a xo
|c SK
|
| 100 |
1 |
|
|a Kostyrko, Pavel,
|d 1941-2020
|4 aut
|9 38159
|
| 245 |
1 |
0 |
|a Zametka ob absoljutno schodjaščichsja rjadach
|c Pavel Kostyrko
|
| 773 |
0 |
|
|t Matematický časopis
|g Roč. 17, č. 4 (1967), s. 287-296
|
| 958 |
|
|
|a OND
|
| 958 |
|
|
|a EUIPO
|
| 958 |
|
|
|a article10
|
| 999 |
|
|
|c 2164739
|d 2166669
|